<?xml version="1.0" encoding="UTF-8"?><?xml-stylesheet type="text/xsl" href="static/style.xsl"?><OAI-PMH xmlns="http://www.openarchives.org/OAI/2.0/" xmlns:xsi="http://www.w3.org/2001/XMLSchema-instance" xsi:schemaLocation="http://www.openarchives.org/OAI/2.0/ http://www.openarchives.org/OAI/2.0/OAI-PMH.xsd"><responseDate>2026-04-27T13:50:42Z</responseDate><request verb="GetRecord" identifier="oai:uvadoc.uva.es:10324/77202" metadataPrefix="marc">https://uvadoc.uva.es/oai/request</request><GetRecord><record><header><identifier>oai:uvadoc.uva.es:10324/77202</identifier><datestamp>2025-08-27T19:04:04Z</datestamp><setSpec>com_10324_38</setSpec><setSpec>col_10324_852</setSpec></header><metadata><record xmlns="http://www.loc.gov/MARC21/slim" xmlns:doc="http://www.lyncode.com/xoai" xmlns:xsi="http://www.w3.org/2001/XMLSchema-instance" xmlns:dcterms="http://purl.org/dc/terms/" xsi:schemaLocation="http://www.loc.gov/MARC21/slim http://www.loc.gov/standards/marcxml/schema/MARC21slim.xsd">
<leader>00925njm 22002777a 4500</leader>
<datafield tag="042" ind1=" " ind2=" ">
<subfield code="a">dc</subfield>
</datafield>
<datafield tag="720" ind1=" " ind2=" ">
<subfield code="a">Alfin Bernal, Carmen</subfield>
<subfield code="e">author</subfield>
</datafield>
<datafield tag="260" ind1=" " ind2=" ">
<subfield code="c">2025</subfield>
</datafield>
<datafield tag="520" ind1=" " ind2=" ">
<subfield code="a">El trabajo consiste en una investigación documental para analizar la evolución de Benidorm como destino turístico, y cómo, debido a la fuerte afluencia del turismo británico, el inglés ha contribuido a dicho desarrollo. Asimismo, se aborda la contribución de los idiomas en el sector turístico.&#xd;
Además, el trabajo incluye dos estudios prácticos: una entrevista y una encuesta sobre el turismo en Benidorm y la importancia de los idiomas en este ámbito, seguidos de un análisis de los resultados obtenidos.</subfield>
</datafield>
<datafield tag="024" ind2=" " ind1="8">
<subfield code="a">https://uvadoc.uva.es/handle/10324/77202</subfield>
</datafield>
<datafield ind1=" " ind2=" " tag="653">
<subfield code="a">Turismo</subfield>
</datafield>
<datafield tag="245" ind1="0" ind2="0">
<subfield code="a">La contribución del inglés al desarrollo de Benidorm como destino turístico</subfield>
</datafield>
</record></metadata></record></GetRecord></OAI-PMH>